000
00318nam a22001217a 4500
008
260430b |||||||| |||| 00| 0 eng d
082
_a
001394
100
_a
Ojha, Shivkumar
245
_a
Mahauthkrustha Bharatiya Samskruti
260
_a
Bangalore
_b
Shivkumar Ojha Jakarand Brigade
_c
2022
300
_a
686p
942
_2
ddc
999
_c
1383
_d
1383